Selection/election : (Record no. 1805)

MARC details
000 -LEADER
fixed length control field 00960nam a2200289 a 4500
001 - CONTROL NUMBER
control field 2789643
003 - CONTROL NUMBER IDENTIFIER
control field OSt
005 - DATE AND TIME OF LATEST TRANSACTION
control field 20230620144351.0
008 - FIXED-LENGTH DATA ELEMENTS--GENERAL INFORMATION
fixed length control field 830628s1982 nyu 100 0 eng
010 ## - LIBRARY OF CONGRESS CONTROL NUMBER
LC control number 81067957
020 ## - INTERNATIONAL STANDARD BOOK NUMBER
Canceled/invalid ISBN 0202241618
020 ## - INTERNATIONAL STANDARD BOOK NUMBER
International Standard Book Number 0202241637 (pbk.)
040 ## - CATALOGING SOURCE
Original cataloging agency DLC
Transcribing agency DLC
Modifying agency DLC
043 ## - GEOGRAPHIC AREA CODE
Geographic area code n-us---
050 00 - LIBRARY OF CONGRESS CALL NUMBER
Classification number JK515
Item number .S44 1982
082 00 - DEWEY DECIMAL CLASSIFICATION NUMBER
Classification number 324.6/0973
Edition number 19
Item number HIR
245 00 - TITLE STATEMENT
Title Selection/election :
Remainder of title a forum on the American presidency /
Statement of responsibility, etc. Robert S. Hirschfield, editor.
260 ## - PUBLICATION, DISTRIBUTION, ETC. (IMPRINT)
Place of publication, distribution, etc. New York :
Name of publisher, distributor, etc. Aldine Pub. Co.,
Date of publication, distribution, etc. 1982.
300 ## - PHYSICAL DESCRIPTION
Extent xxviii, 195 p. ;
Dimensions 22 cm.
500 ## - GENERAL NOTE
General note Papers from a two-week seminar organized by the French-American Foundation and held in 1980.
500 ## - GENERAL NOTE
General note Errata slip inserted.
650 #0 - SUBJECT ADDED ENTRY--TOPICAL TERM
Topical term or geographic name as entry element Presidents
Geographic subdivision United States
General subdivision Election
-- Congresses.
700 1# - ADDED ENTRY--PERSONAL NAME
Personal name Hirschfield, Robert S.
710 2# - ADDED ENTRY--CORPORATE NAME
Corporate name or jurisdiction name as entry element French-American Foundation.
906 ## - LOCAL DATA ELEMENT F, LDF (RLIN)
a 7
b cbc
c orignew
d 2
e opcn
f 19
g y-gencatlg
942 ## - ADDED ENTRY ELEMENTS (KOHA)
Source of classification or shelving scheme Dewey Decimal Classification
Koha item type Books
Holdings
Withdrawn status Lost status Source of classification or shelving scheme Damaged status Not for loan Home library Current library Date acquired Total Checkouts Full call number Barcode Date last seen Price effective from Koha item type
    Dewey Decimal Classification     Bunge Tower Library Bunge Tower Library 06/20/2023   324.6/0973 HIR 10000533 06/20/2023 06/20/2023 Books
LIBRARY OPENING HOURS

When the Parliament is sitting: 8.00a.m - 7.00p.m or until the house adjourns
Mondays and Fridays and when the House is on Recess:  8.00a.m - 5.00p.m
Closed on Weekends and Public Holidays

Online Public Access Catalog (OPAC)
Website: http://www.parliament.go.ke
Bunge Library: https://libraryir.parliament.go.ke
Contact: library@parliament.go.ke | Tel no: (254-2)2221291 or 2848000 Ext 5043